| 000 | 00000nam##2200000za#4500 |
| 001 | 9.687180 |
| 003 | CaOODSP |
| 005 | 20210624230848 |
| 007 | cr ||||||||||| |
| 008 | 150407|2004||||xxc|||||o f|0| 0 eng|d |
| 020 | |a0-662-38386-9 |
| 040 | |aCaOODSP|beng |
| 043 | |an-cn--- |
| 086 | 1 |aIT4-1/2004E-PDF |
| 110 | 1 |aCanada.|bInternational Trade Canada. |
| 245 | 10|aExporting to the United States |h[electronic resource] |
| 260 | |aOttawa - Ontario : |bInternational Trade Canada |cc2004. |
| 300 | |a68p.|bglossary |
| 500 | |aIncorrect catalogue number (IT4-1/2004F-PDF) and ISBN (0-662-78083-3) copied in this PDF edition. |
| 590 | |a12-01-Supp|b2012-01-13 |
| 690 | 07|aExports|2gcpds |
| 775 | 08|tExporter aux États-Unis |w(CaOODSP)9.631641 |
| 856 | 40|ahttp://publications.gc.ca|qPDF|s1005 KB|uhttps://publications.gc.ca/collections/collection_2011/aecic-faitc/IT4-1-2004-eng.pdf |